China Border - Languages ​​Update - Statistics

General Stats
  • This quiz has been taken 14 times
  • The average score is 12 of 14
Answer Stats
Km Countries % Correct
4250 Russia
100%
4 673 Mongolia
92%
3 380 India
92%
423 Laos
92%
1 416 North Korea
92%
1 281 Viet Nam
92%
76 Afghanistan
85%
1 533 Kazakhstan
85%
2 185 Myanmar
85%
414 Tajikistan
85%
470 Bhutan
77%
858 Kyrgyzstan
77%
1 236 Nepal
77%
523 Pakistan
77%
No matching quizzes found
Score Distribution
Percent of People with Each Score
Percentile by Number Answered
Your Score History
You have not taken this quiz